01826cam a22005414i 4500003000900000005001700009008004100026020001500067020001800082035002000100040003300120082001700153100003700170245012500207264004900332300003900381336002100420337002500441338002300466490002900489504004000518505045400558526001001012526001001022526001001032526001001042526001001052526000901062526000901071526000901080526000901089526000901098526000901107526000901116526000901125526000901134526000901143526000801152526000801160526000801168526000801176526000801184526000801192541001901200650001801219650001201237700003501249PE-LiUPU20250731170424.0180820s2014 ag a rb 000 0 spa d a9871848366 a9789871848362 a(Sirsi) a249711 aPE-LiUPUbspacPE-LiUPUerda04a150bS422201 aSerebrinsky, Horacio A.,eautor.10aDiagnóstico sistématico :bel diagnóstico de los sistemas humanos /cHoracio A. Serebrinsky, Sonia E. Rodríguez. 1aBuenos Aires :bPsicolibro ediciones,c2014. a326 páginas ;c22 centímetros. atext2rdacontent aunmediated2rdamedia avolume2rdacarrier0 aColección Psicoterapia aBibliografía : páginas 325-326.0 aIntroducción -- Hacia un diagnóstico sistémico -- Primer eje diagnóstico. La estructura del sistema conceptualizaciones -- Segundo eje diagnóstico. La dinámica del sistema conceptualizaciones -- Tercer eje diagnóstico. El problema. Conceptualizaciones -- Diagnóstico de la estructura del sistema -- Diagnóstico de la dinámica del sistema -- Diagnóstico del problema -- El diagnóstico de los sistemas humanos en la práctica. aSEG68 aSEG70 aSEG69 aSEG67 aSEG43 aP144 aP143 aP131 aP122 aP120 aP117 aP112 aP110 aP106 aP101 aP80 aP59 aP54 aP35 aP33 aP30 g0002-00005346;04aPsicología.04aEnsayo.1 aRodríguez, Sonia E.,eautor.